000 00680nam a2200205 i 4500
001 147078
003 ES-MaACL
005 20230906201806.0
007 t|
008 070921s1948 mx ||||1| spa d
080 _a950.85
100 1 _aTurner, Ralph.
_9111745
245 1 4 _aLas grandes culturas de la humanidad /
_cRalpf Turner ; traducción de Francisco A. Delpiane y Ramón Iglesia.
250 _a[1ª ed. en español].
260 _aMéxico, etc. :
_bFondo de Cultura Económica,
_c[1948]
300 _a1304 p., 5 map. pleg. :
_bil. ;
_c24 cm.
700 1 _aDelpiane, Francisco A.
_943583
700 1 _aIglesia, Ramón.
_965061
852 _aES-MaACL
_jD-6764
_bR.29366
999 _c147078
_d147078